Filling In Love With God : (Record no. 8405)

MARC details
000 -LEADER
fixed length control field 00570nam a22001817a 4500
003 - CONTROL NUMBER IDENTIFIER
control field OSt
005 - DATE AND TIME OF LATEST TRANSACTION
control field 20260216004854.0
008 - FIXED-LENGTH DATA ELEMENTS--GENERAL INFORMATION
fixed length control field 260216b |||||||| |||| 00| 0 eng d
020 ## - INTERNATIONAL STANDARD BOOK NUMBER
International Standard Book Number 978-621-04-0263-6
040 ## - CATALOGING SOURCE
Original cataloging agency DWCL - Main lib.
Transcribing agency OC
082 ## - DEWEY DECIMAL CLASSIFICATION NUMBER
Classification number Fil. 248 D542 2020
100 ## - MAIN ENTRY--PERSONAL NAME
Personal name Diaz,Jade M.
245 ## - TITLE STATEMENT
Title Filling In Love With God :
Remainder of title Witnessing Gods Love /
Statement of responsibility, etc. Jade M. Diaz
260 ## - PUBLICATION, DISTRIBUTION, ETC.
Place of publication, distribution, etc. Manila, Philippines:
Name of publisher, distributor, etc. Rex Book Store ,
Date of publication, distribution, etc. c2020.
300 ## - PHYSICAL DESCRIPTION
Extent iii, 320 Pages :
Other physical details Illustration ;
Dimensions 25cm.
504 ## - BIBLIOGRAPHY, ETC. NOTE
Bibliography, etc. note 1.Includes Bibliography.
942 ## - ADDED ENTRY ELEMENTS (KOHA)
Source of classification or shelving scheme Dewey Decimal Classification
Koha item type Book-Filipiniana
Call number suffix Fil.
Suppress in OPAC No
952 ## - LOCATION AND ITEM INFORMATION (KOHA)
--
Holdings
Withdrawn status Lost status Source of classification or shelving scheme Damaged status Not for loan Home library Current library Shelving location Total Checkouts Full call number Barcode Date last seen Copy number Price effective from Koha item type Uniform Resource Identifier
    Dewey Decimal Classification     Junior High School Library Junior High School Library Filipiniana   Fil. 248 D542 2020 JHS - 20906 02/16/2026 c1 02/16/2026 BK - FIL